[Event "Najdorf Memorial B"]
[Site "Warsaw POL"]
[Date "2022.07.09"]
[Round "1.1"]
[White "Pozniak, Yunna"]
[Black "Koziol, Pawel"]
[Result "0-1"]
[BlackElo "1771"]
[WhiteElo "1288"]

1. e4 c5 2. c3 g6 3. d4 cxd4 4. cxd4 Bg7 5. Nf3 d6 6. Bc4 Nf6 7. Nc3 O-O 8. Bb3 Bg4 9. h3 Bxf3 10. Qxf3 Nc6 11. Be3 Nd7 12. Qd1 Na5 13. O-O Nb6 14. Rc1 Nac4 15. Nd5 Nxd5 16. Bxc4 Nxe3 17. fxe3 e6 18. Qb3 Qe7 19. Rf2 Bh6 20. Kh1 Kh8 21. Rfc2 Rac8 22. Be2 Rxc2 23. Rxc2 Qh4 24. Qd3 Qg3 25. Rc3 Qe1+ 26. Kh2 Bg5 27. Qd1 Qh4 28. Bf3 Bxe3 29. g3 Qh6 30. Rc7 Qg7 31. Rd7 Bxd4 32. Rxb7 Bb6 33. Qd2 Qe5 34. Rd7 Bd4 35. Rb7 Kg7 36. Rb3 Qc5 37. Rd3 e5 38. Bg2 Rc8 39. Rf3 h6 40. Rf1 Qc2 41. Qb4 Qc5 42. Qxc5 Rxc5 43. b3 Rc2 44. a4 Bf2 45. b4 f5 46. b5 Kf6 47. a5 Rb2 48. g4 f4 49. Kh1 Bc5 50. b6 axb6 51. axb6 Rxb6 52. Bf3 Rb2 53. Bg2 Kg5 54. Kh2 Re2 55. Kh1 Kh4 56. Bf3 Re3 57. Kh2 d5 58. exd5 e4 59. Bg2 f3 60. Bxf3 Rxf3 0-1

[Event "Najdorf Memorial B"]
[Site "Warsaw POL"]
[Date "2022.07.09"]
[Round "1.3"]
[White "Panikowski, Ksawery"]
[Black "Morczynski, Joachim"]
[Result "1-0"]
[BlackElo "1762"]
[WhiteElo "1286"]

1. e4 c5 2. Nf3 Nc6 3. d4 cxd4 4. Nxd4 Nf6 5. Nc3 e5 6. Ndb5 d6 7. Bg5 a6 8. Na3 b5 9. Nd5 Be7 10. Bxf6 Bxf6 11. c3 Bg5 12. Nc2 O-O 13. a4 Rb8 14. Bd3 Be6 15. axb5 axb5 16. h4 Bh6 17. g4 g6 18. g5 Bg7 19. Nce3 Ne7 20. Nf6+ Bxf6 21. gxf6 Nc6 22. Ra6 Qc8 23. Qa1 b4 24. Qa4 Bd7 25. Nd5 bxc3 26. bxc3 Rb2 27. Nb6 Qb7 28. Nxd7 Qxd7 29. Qxc6 Qg4 30. Ra8 Rbb8 31. Rxb8 Rxb8 32. Qxd6 Ra8 33. Bb1 Qf3 34. Rg1 Qxc3+ 35. Qd2 Qa1 36. Ke2 Qa6+ 37. Bd3 Qxf6 38. h5 Qe6 39. Bb1 Rb8 40. h6 Qc4+ 41. Bd3 Qd4 42. Rc1 f5 43. Bc4+ Kf8 44. Qxd4 exd4 45. exf5 gxf5 46. Bd3 Re8+ 47. Kf3 Kf7 48. Bxf5 Kf6 49. Bxh7 Kg5 50. Rc6 Rf8+ 51. Kg3 1-0

[Event "Najdorf Memorial B"]
[Site "Warsaw POL"]
[Date "2022.07.09"]
[Round "1.6"]
[White "Poniewierski, Piotr"]
[Black "Golinski, Krzysztof"]
[Result "1-0"]
[BlackElo "1283"]
[WhiteElo "1747"]

1. Nf3 Nf6 2. c4 b6 3. g3 Bb7 4. Bg2 e5 5. Nc3 Bc5 6. O-O Qe7 7. e3 e4 8. Ng5 h6 9. Nh3 Nc6 10. Nf4 Na5 11. d3 exd3 12. Bxb7 Nxb7 13. Qxd3 c6 14. b3 g5 15. Nfe2 h5 16. Bb2 Rh6 17. Nd4 Bxd4 18. exd4 O-O-O 19. d5 c5 20. Rae1 Qf8 21. Qf5 Nd6 22. Qxg5 Rg6 23. Qf4 Nfe8 24. Ne4 Rg4 25. Nxd6+ Nxd6 26. Qf3 f5 27. Re5 Qh6 28. Bc1 Qf6 29. Rfe1 Rf8 30. Bb2 Qg6 31. Re7 Qh6 32. Be5 f4 33. Bxd6 fxg3 34. Qxf8+ Qxf8 35. Re8+ Qxe8 36. Rxe8+ Kb7 37. hxg3 Rg7 38. Re7 1-0

[Event "Najdorf Memorial B"]
[Site "Warsaw POL"]
[Date "2022.07.09"]
[Round "1.8"]
[White "Nowak, Lukasz"]
[Black "Walewski, Szymon"]
[Result "1-0"]
[BlackElo "1279"]
[WhiteElo "1709"]

1. d4 d5 2. c4 e6 3. Nf3 Nc6 4. Bf4 Nf6 5. e3 Bd6 6. Bg5 Bb4+ 7. Nc3 Bxc3+ 8. bxc3 h6 9. Bh4 Bd7 10. cxd5 exd5 11. Bd3 Bg4 12. h3 Bh5 13. g4 Bg6 14. Bxg6 fxg6 15. Qb1 g5 16. Qg6+ Kf8 17. Bg3 Qe7 18. O-O Qe4 19. Qxe4 Nxe4 20. Bxc7 Rc8 21. Bh2 Nxc3 22. Ne5 Nxe5 23. Bxe5 Kf7 24. Kg2 Ne4 25. Rfc1 Rhf8 26. a4 Kg8 27. Bg3 Nd2 28. Rxc8 Rxc8 29. Ra2 Ne4 30. Be5 Rc6 31. Rb2 b6 32. Bb8 a6 33. Ba7 Nc3 34. Rxb6 Rxb6 35. Bxb6 Nxa4 36. Ba5 Nb2 37. Bc3 Nc4 38. Kf3 a5 39. Ke2 a4 40. Kd3 Kf7 41. Bb4 Ke6 42. Kc3 Kd7 43. Bf8 g6 44. Bxh6 a3 45. Kb3 Nd2+ 46. Kxa3 Ne4 47. f3 Nf2 48. Bxg5 Nxh3 49. Bh4 g5 50. Bg3 Ng1 51. f4 Nf3 52. Kb4 gxf4 53. exf4 Nxd4 54. Kc5 Ne2 55. Bh2 Ke6 56. f5+ Kf6 57. Kxd5 Nc3+ 58. Kd4 Nb5+ 59. Ke4 Nc3+ 60. Kf3 Nd5 61. Bf4 Ne7 62. Ke4 Kg7 63. g5 Kf7 64. Be5 Ng8 65. g6+ Kf8 66. f6 Nh6 67. Kf4 Ng8 68. Kg5 Ke8 69. f7+ Kf8 70. fxg8=Q+ Kxg8 71. Kh6 Kf8 72. Kh7 1-0

[Event "Najdorf Memorial B"]
[Site "Warsaw POL"]
[Date "2022.07.09"]
[Round "1.9"]
[White "Winiarski, Szymon"]
[Black "Szyszko, Jan"]
[Result "0-1"]
[BlackElo "1706"]
[WhiteElo "1278"]

1. d4 Nf6 2. Nf3 d5 3. g3 c5 4. Bg2 cxd4 5. Nxd4 e5 6. Nf3 Nc6 7. O-O h6 8. b3 Be6 9. Bb2 Bd6 10. Nbd2 Qb6 11. e4 dxe4 12. Ne1 e3 13. fxe3 Qxe3+ 14. Kh1 O-O-O 15. Rf3 Qb6 16. Rb1 Bg4 17. Nc4 Qc7 18. Qc1 Bxf3 19. Nxf3 Rhe8 20. Nfd2 Bc5 21. Qf1 b5 22. Qf5+ Kb8 23. Ne4 Nxe4 24. Qxe4 bxc4 25. bxc4 Kc8 26. Bh3+ Re6 27. Bxe5 Nxe5 28. Qa8+ Kd7 29. Qd5+ Ke8 30. Qe4 Qc6 0-1

[Event "Najdorf Memorial B"]
[Site "Warsaw POL"]
[Date "2022.07.09"]
[Round "1.16"]
[White "Warcaba, Jakub"]
[Black "Kozera, Konrad"]
[Result "1-0"]
[BlackElo "1239"]
[WhiteElo "1674"]

1. e4 c5 2. Nf3 d6 3. d4 cxd4 4. Nxd4 Nf6 5. Nc3 a6 6. h3 e5 7. Nde2 Be6 8. g4 Be7 9. Bg2 Nc6 10. Be3 b5 11. g5 Nd7 12. h4 Nb6 13. b3 b4 14. Nd5 Bxd5 15. exd5 Na7 16. Qd2 a5 17. a3 bxa3 18. Rxa3 a4 19. Qb4 Rb8 20. Bxb6 Qxb6 21. Qxa4+ Nb5 22. c4 O-O 23. Qxb5 Qxb5 24. cxb5 Rxb5 25. Nc3 Rb4 26. Bf1 f5 27. Bc4 Rfb8 28. Ke2 Bd8 29. Rha1 Bc7 30. Ra8 R4b7 31. Nb5 Rxa8 32. Rxa8+ Kf7 33. f4 e4 34. Nxc7 Rxc7 35. Ra6 Ke7 36. Ke3 g6 37. Kd4 Rb7 38. Ra8 Kf7 39. Rh8 Kg7 40. Rd8 Rb6 41. Rd7+ Kg8 42. Ra7 Rb8 43. Rd7 Rb6 44. Kc3 Kh8 45. b4 1-0

[Event "Najdorf Memorial B"]
[Site "Warsaw POL"]
[Date "2022.07.09"]
[Round "1.17"]
[White "Kalinowski, Rafal"]
[Black "Kowalski, Witold"]
[Result "1/2-1/2"]
[BlackElo "1673"]
[WhiteElo "1232"]

1. d4 d5 2. Nf3 Nf6 3. Bg5 e6 4. e3 Be7 5. Bd3 Nbd7 6. Nbd2 O-O 7. O-O b6 8. c4 Bb7 9. Qc2 h6 10. Bf4 Rc8 11. Rac1 c5 12. b3 Re8 13. h3 a6 14. Ne5 cxd4 15. exd4 Ba3 16. Rce1 Bb4 17. Rc1 Qe7 18. Ndf3 Red8 19. Qe2 a5 20. Rfd1 Nxe5 21. Nxe5 dxc4 22. bxc4 Qe8 23. Ng4 Nxg4 24. Qxg4 f5 25. Qg3 Kh8 26. Be5 Qf7 27. Qe3 Qg6 28. g3 Bd6 29. Re1 Rc6 30. Be2 Rc7 31. Bf1 Rf7 32. Bxd6 Rxd6 33. Qe5 Rfd7 34. d5 exd5 35. cxd5 Rxd5 36. Qe8+ Qxe8 37. Rxe8+ Kh7 38. Rce1 Rd1 39. Bc4 Be4 40. Bg8+ Kg6 41. Re6+ Kh5 42. Bf7+ Rxf7 43. Rxd1 b5 44. Rb6 b4 45. Rb5 Ra7 46. Rd4 Kg6 47. g4 Ra6 48. gxf5+ Bxf5 49. Rbd5 Bxh3 50. Rd6+ Rxd6 51. Rxd6+ Kf7 52. Ra6 Be6 53. Rxa5 b3 54. axb3 Bxb3 55. Kh2 Kf6 56. Kg3 Bc2 57. Kg4 Bd3 1/2-1/2

[Event "Najdorf Memorial B"]
[Site "Warsaw POL"]
[Date "2022.07.10"]
[Round "2.12"]
[White "Przybylski, Jan"]
[Black "Wasylewski, Marcin"]
[Result "1-0"]
[BlackElo "1412"]
[WhiteElo "1685"]

1. e4 c5 2. Nf3 d6 3. d4 cxd4 4. Nxd4 Nf6 5. Nc3 a6 6. Bg5 e6 7. f4 Be7 8. Qf3 Nbd7 9. O-O-O h6 10. Bxf6 Nxf6 11. e5 Nd7 12. exd6 Bf6 13. Bc4 Nb6 14. Bb3 O-O 15. Rhe1 Re8 16. Qe4 e5 17. Nf3 Bg4 18. fxe5 Bxf3 19. Qxf3 Rxe5 20. Rxe5 Bxe5 21. Qxf7+ Kh8 22. Ne4 Qh4 23. Qxb7 Rf8 24. g3 Qg4 25. Qxb6 Qxe4 26. d7 Bc7 27. Qxc7 Qe3+ 28. Kb1 1-0

[Event "Najdorf Memorial B"]
[Site "Warsaw POL"]
[Date "2022.07.13"]
[Round "5.1"]
[White "Bubien, Antoni"]
[Black "Yasmo, Daniil"]
[Result "1-0"]
[BlackElo "1680"]
[WhiteElo "1472"]

1. e4 c5 2. c3 d5 3. exd5 Qxd5 4. d4 Nc6 5. Nf3 Bg4 6. Be2 e6 7. Be3 cxd4 8. cxd4 Nf6 9. Nc3 Qd6 10. O-O Be7 11. h3 Bh5 12. Qb3 O-O 13. Rad1 Rfd8 14. Rd2 a6 15. Rfd1 Nb4 16. Ne5 Bxe2 17. Nxe2 Ne4 18. Bf4 Nxd2 19. Rxd2 Qd5 20. Qg3 Qb5 21. Bh6 Bf6 22. Nc3 Qe8 23. Ne4 Qe7 24. Nxf6+ Qxf6 25. Bg5 Qf5 26. Bxd8 Rxd8 27. Qb3 Nd5 28. Qxb7 Nf4 29. Nc6 Qb1+ 30. Kh2 Rf8 31. Ne7+ Kh8 32. Qf3 Ng6 33. Nxg6+ hxg6 34. a3 Qf5 35. Qxf5 gxf5 36. Rc2 Rb8 37. b4 Rb6 38. f4 Kg8 39. Kg3 Kf8 40. Kf3 Ke8 41. Ke2 Kd7 42. Kd3 Rb5 43. Rc5 Rb6 44. Kc4 f6 45. h4 Rb8 46. g3 g5 47. Ra5 gxh4 48. gxh4 Rc8+ 49. Kd3 Rh8 50. Rxa6 Rxh4 51. Kc4 Rxf4 52. Kc5 e5 53. Ra7+ Kc8 54. d5 Rf1 55. d6 f4 56. d7+ Kd8 57. Kd6 Rd1+ 58. Ke6 f3 59. b5 Rxd7 60. b6 Kc8 61. Rxd7 f2 62. Rc7+ Kb8 63. Rc1 e4 64. Kd6 Kb7 65. Kc5 e3 66. Rh1 e2 67. Rh7+ Kc8 68. Kc6 Kd8 69. b7 1-0

[Event "Najdorf Memorial B"]
[Site "Warsaw POL"]
[Date "2022.07.14"]
[Round "6.5"]
[White "Kurowski, Maciej"]
[Black "Napieralski, Lucjan"]
[Result "0-1"]
[WhiteElo "1601"]
[BlackElo "1414"]

1. d4 e6 2. e4 d5 3. Bd3 Nf6 4. e5 Nfd7 5. Nf3 c5 6. c3 Nc6 7. O-O Qb6 8. Bc2 cxd4 9. cxd4 Nb4 10. Ba4 Be7 11. Nc3 O-O 12. Re1 f6 13. a3 Nc6 14. Bc2 fxe5 15. Na4 Qc7 16. Nxe5 Ndxe5 17. dxe5 Nxe5 18. Bxh7+ Kxh7 19. Qh5+ Kg8 20. Qxe5 Qc2 21. Bg5 Bxg5 22. Qxg5 Qxa4 23. Re3 Qf4 0-1

[Event "Najdorf Memorial B"]
[Site "Warsaw POL"]
[Date "2022.07.14"]
[Round "6.7"]
[White "Piddubna, Bozhena"]
[Black "Adamowicz, Michal"]
[Result "1-0"]
[WhiteElo "1534"]
[BlackElo "1408"]

1. c4 e5 2. Nc3 Nf6 3. Nf3 Nc6 4. e4 Bb4 5. d3 d6 6. a3 Bxc3+ 7. bxc3 Nd7 8. Be2 O-O 9. Qc2 b6 10. O-O a5 11. a4 Nc5 12. Ne1 f5 13. exf5 Bxf5 14. Bf3 Qd7 15. Bd5+ Kh8 16. Qd1 Rae8 17. d4 Ne4 18. Bxe4 Bxe4 19. f3 Bg6 20. d5 Nd8 21. Nd3 Nb7 22. Nf2 h6 23. Be3 Bf5 24. Qe2 g5 25. Ne4 Qh7 26. Nf2 Rg8 27. Rae1 Ref8 28. Qd2 Qg6 29. h3 h5 30. g4 hxg4 31. hxg4 Bc2 32. Kg2 Bxa4 33. Rh1+ Kg7 34. Bxg5 Kf7 35. Bh6 Re8 36. Ne4 Bd7 37. Bg5 Nc5 38. Ref1 Rh8 39. Nf6 Ref8 40. Qe3 Qc2+ 41. Kg3 Be8 42. Bh6 Kxf6 43. Qg5+ 1-0

[Event "Najdorf Memorial B"]
[Site "Warsaw POL"]
[Date "2022.07.14"]
[Round "6.13"]
[White "Nocek, Dominik"]
[Black "Mossakowski, Jakub"]
[Result "1-0"]
[WhiteElo "1682"]
[BlackElo "1487"]

1. e4 c5 2. Nf3 d6 3. d4 cxd4 4. Nxd4 Nf6 5. Nc3 a6 6. g3 e5 7. Nde2 Be7 8. Bg2 h5 9. h3 Nc6 10. O-O b5 11. Be3 Bb7 12. a4 b4 13. Nd5 Nxd5 14. exd5 Na7 15. a5 h4 16. g4 Qd7 17. f4 Nb5 18. Qd2 Rc8 19. Be4 Qc7 20. Ra4 exf4 21. Nxf4 Bf6 22. Bb6 Qe7 23. Rxb4 O-O 24. Re1 Rfe8 25. Bh7+ Kxh7 26. Rxe7 Rxe7 27. c4 Nc7 28. Bd4 Ne8 29. Bxf6 Nxf6 30. Qd3+ g6 31. Qd4 Ne4 32. Rxb7 Rxb7 33. Qxe4 Rxb2 34. Qe7 Kg8 35. Nxg6 Rb1+ 36. Kf2 Rxc4 37. Qf8+ Kh7 38. Qxf7+ Kh6 39. Nf4 Rb2+ 40. Ne2 Rcc2 41. Qf6+ Kh7 42. Qxh4+ Kg6 43. Qh5+ Kf6 44. g5+ Kf5 45. h4 Ra2 46. g6+ Kf6 47. Qg5+ Kg7 48. Qg4 Rxe2+ 49. Qxe2 Rxe2+ 50. Kxe2 Kxg6 51. Kf3 Kf5 52. h5 Ke5 53. Kg4 Kxd5 54. h6 Kc5 55. h7 Kb5 56. h8=Q Kxa5 57. Qd4 d5 58. Qxd5+ Ka4 59. Qc5 1-0

[Event "Najdorf Memorial B"]
[Site "Warsaw POL"]
[Date "2022.07.14"]
[Round "6.14"]
[White "Kowalski, Witold"]
[Black "Jarmolowski, Tadeusz"]
[Result "0-1"]
[WhiteElo "1673"]
[BlackElo "1482"]

1. e4 c5 2. Nf3 Nc6 3. d4 cxd4 4. Nxd4 Nf6 5. Nc3 e6 6. Ndb5 Bb4 7. a3 Bxc3+ 8. Nxc3 d5 9. exd5 Nxd5 10. Nxd5 exd5 11. Bd3 Qe7+ 12. Qe2 Qxe2+ 13. Kxe2 O-O 14. Bf4 Bf5 15. Bxf5 Nd4+ 16. Kf1 Nxf5 17. Rd1 Rfd8 18. g4 Ne7 19. h3 Rac8 20. c3 f6 21. Kg2 Kf7 22. Rd3 b5 23. Rhd1 Rd7 24. a4 Rc4 25. Rd4 Rxa4 26. Rxa4 bxa4 27. Ra1 Rb7 28. Rxa4 Rxb2 29. Rxa7 Ke6 30. Ra6+ Kf7 31. Bd6 Re2 32. Ra7 Ke8 33. Kf3 Re6 34. Bb4 g5 35. Rb7 h6 36. Rxe7+ Rxe7 37. Bxe7 Kxe7 38. Ke3 Ke6 39. Kd4 Kd6 40. Kd3 Ke5 41. Ke3 Ke6 42. f4 Kd6 43. f5 Ke5 44. Kd3 Kd6 0-1

[Event "Najdorf Memorial B"]
[Site "Warsaw POL"]
[Date "2022.07.15"]
[Round "7.4"]
[White "Dysko, Michal"]
[Black "Slusarczyk, Anna"]
[Result "1/2-1/2"]
[BlackElo "1637"]
[WhiteElo "1376"]

1. e4 c5 2. Nf3 d6 3. d4 cxd4 4. Nxd4 Nc6 5. Nc3 g6 6. f3 Nf6 7. Bc4 Bg7 8. Be3 O-O 9. Qd2 a6 10. O-O-O Ne5 11. Be2 Qc7 12. h4 b5 13. Bh6 e6 14. h5 Rb8 15. g4 Nc4 16. Bxc4 bxc4 17. Bxg7 Qb7 18. b3 Kxg7 19. hxg6 fxg6 20. Qh6+ Kg8 21. Nde2 Qc7 22. Kb2 Rf7 23. Qe3 d5 1/2-1/2

[Event "Najdorf Memorial B"]
[Site "Warsaw POL"]
[Date "2022.07.17"]
[Round "9.3"]
[White "Wieckowski, Michal"]
[Black "Bubien, Antoni"]
[Result "0-1"]
[BlackElo "1472"]
[WhiteElo "1669"]

1. d4 Nf6 2. c4 g6 3. Nc3 Bg7 4. e4 d6 5. Bg5 O-O 6. Be2 a6 7. Qd2 c5 8. d5 b5 9. cxb5 Qa5 10. f3 Nbd7 11. a4 Nb6 12. Nd1 Qxd2+ 13. Bxd2 c4 14. bxa6 Bxa6 15. a5 Nbd7 16. Rc1 Rfc8 17. Nh3 Nc5 18. Ne3 Nb3 19. Rc2 Nd4 20. Rc3 Nxe2 21. Kxe2 Nd7 22. Nf2 Nc5 23. Rxc4 Nb3 0-1

[Event "Najdorf Memorial B"]
[Site "Warsaw POL"]
[Date "2022.07.17"]
[Round "9.13"]
[White "Chiszko, Oskar"]
[Black "Chekhani, Anna"]
[Result "1-0"]
[BlackElo "1575"]
[WhiteElo "1446"]

1. e4 c5 2. Nf3 e6 3. d4 cxd4 4. Nxd4 Nf6 5. Nc3 d6 6. Be3 a6 7. Be2 Qc7 8. Qd2 b5 9. f3 Bb7 10. O-O-O Nbd7 11. g4 h6 12. h4 b4 13. Nb1 d5 14. g5 Nh5 15. g6 e5 16. gxf7+ Kxf7 17. f4 Ng3 18. fxe5 Nxh1 19. e6+ Kg8 20. exd7 Ng3 21. Bg4 Nxe4 22. Be6+ Kh7 23. Bf5+ Kg8 24. Bxe4 Qxd7 25. Bf5 Qe7 26. Be6+ Kh7 27. Qd3+ g6 28. Rg1 1-0